Office Suite Components - Statistics

General Stats
  • This quiz has been taken 3 times
  • The average score is 4 of 12
Answer Stats
Hint Answer % Correct
Slide show PowerPoint
100%
Spreadsheet Excel
100%
Word processor Word
100%
Database Access
33%
Word processor WordPerfect
33%
Database Base
0%
Spreadsheet Calc
0%
Slide show Impress
0%
Database Paradox
0%
Slide show Presentations
0%
Spreadsheet Quattro Pro
0%
Word processor Writer
0%
No matching quizzes found
Score Distribution
Percent of People with Each Score
Percentile by Number Answered
Your Score History
You have not taken this quiz